Ethnicity : anthropological constructions

Αποθηκεύτηκε σε:
Λεπτομέρειες βιβλιογραφικής εγγραφής
Κύριος συγγραφέας: Banks, Marcus
Μορφή: Βιβλίο
Γλώσσα:English
Δημοσίευση: London : Routledge, 1997.
Θέματα:
Ετικέτες: Προσθήκη ετικέτας
Δεν υπάρχουν, Καταχωρήστε ετικέτα πρώτοι!

MARC

LEADER 00000cam a2200000 i 4500
001 1/89128
008 990909s1997 enk| ||| |||| ||eng||
020 |a 0415078016 
035 |l 10052708 
040 |a GR-MyUA  |b gre  |e AACR2 
041 0 |a eng 
082 0 |a 305.8001 
100 1 |a Banks, Marcus. 
245 1 0 |a Ethnicity :   |b anthropological constructions /   |c Marcus Banks.  
260 |a London :   |b Routledge,   |c 1997.  
300 |a 210 σ. 
504 |a Περιέχει βιβλιογραφικές παραπομπές και ευρετήριο.  
650 0 0 |a Ethnicity  |x Philosophy. 
650 0 0 |a Ethnic relations. 
650 0 0 |a Anthropology  |x Philosophy. 
650 0 0 |a Sociology  |x Philosophy. 
767 0 8 |i Μεταφρασμένο ως:   |t Εθνοτισμός :  
852 |a INST  |b LESVOS  |e 19990909  |h 305.8001 BAN  |p 005100015835  |q 005100015835  |t BK  |y 0 
852 |a INST  |b LESVOS  |e 19991123  |h 305.8001 BAN  |p 005100018920  |q 005100018920  |t BK  |y 0 
901 |a BIBL1-1999-2 
909 |a Λ  |b 066977 
909 |a Λ  |b 066924 
920 |a ΤΜΗΜΑ ΚΟΙΝΩΝΙΚΗΣ ΑΝΘΡΩΠΟΛΟΓΙΑΣ  |y Λέσβος  |z 1999-08 
922 |a 1ΕΛΗ  |b 199907  |c ΚΠΣ/ΤΚΑ  |d ΠΑΠΑΣΩΤΗΡΙΟΥ 
950 |a 117-1998-07-12 
970 |z 1999/09/09  |a ΚΑΜΑΤΣΟΥ  |b ΔΕΣΠΟΙΝΑ